Countries Forgotten With an Empty Map - Statistics

General Stats
  • This quiz has been taken 14,702 times
  • The average score is 9 of 21
Answer Stats
Difference Country % Correct
44 Taiwan
62%
44 Iceland
61%
36 Sri Lanka
60%
34 Singapore
55%
17 Cuba
54%
25 Haiti
52%
41 Dominican Republic
49%
50 Philippines
49%
51 Madagascar
48%
19 Bahamas
46%
26 Dominica
46%
33 Ireland
45%
16 Qatar
45%
25 Kuwait
41%
43 Papua New Guinea
37%
21 Malaysia
32%
16 Lebanon
29%
16 Vietnam
26%
16 Thailand
18%
32 Netherlands
16%
18 Liberia
15%
No matching quizzes found
Score Distribution
Percent of People with Each Score
Percentile by Number Answered
Your Score History
You have not taken this quiz